Statistics for Sing It: Song Titles That Are First Names

Click here to take the quiz!

General Stats

  • This quiz has been taken 28 times
  • The average score is 7 of 27

Answer Stats

She's All That:Song Title% Correct
You're so fine you blow my mind, hey, ______.Mickey | Toni Basil
67%
Her name is ___ and she dances on the sand.Rio | Duran Duran
56%
She told me her name was ______ ____, as she caused a scene.Billie Jean | Michael Jackson
44%
Well you came and you gave without taking, but I sent you away.Mandy | Barry Manilow
44%
There was something in the air that night, the stars were bright, ________.Fernando | Abba
41%
Oh oh, ______ my brother you are older than me.Daniel | Elton John
37%
_____, ain't it time we said goodbye.Angie | The Rolling Stones
33%
I'm down on my knees. I'm begging you please to come home.Cecilia | Simon & Garfunkel
33%
______ spoke in class today.Jeremy | Pearl Jam
33%
You led me away from home, just to save you from being alone.Maggie May | Rod Stewart
33%
Meet you all the way, meet you all the way...Rosanna | Toto
33%
___, the two of us need look no more. We both found what we're looking for.Ben | Michael Jackson
30%
I had a girl, _____ was her name. Since she left me, I've never been the same.Donna | Ritchie Valens
30%
Who's bending down to give me a rainbow? Everyone knows it's _____.Windy | The Association
30%
Are the voices in your head calling, _____?Gloria | Laura Branigan
26%
Hey, ______-____, what's your game now, can anybody play?Carrie-Anne | The Hollies
22%
Would you stay if she promised to you heaven? Will you ever win?Rhiannon | Fleetwood Mac
22%
_____, can you come out tonight? Come out to my twist party.Sherry | The Four Seasons
22%
Your looks intoxicate me, even though your folks hate me.Elenore | The Turtles
15%
He was born a pauper to a pawn on a Christmas day...Levon | Elton John
15%
And if I seem to be confused, I didn't mean to be with you.Joey | Concrete Blonde
11%
Never knew a girl like-a little _____. Her name drives me insane.Sheila | Tommy Roe
11%
But back home he'll always run, to sweet _______.Melissa | Allman Brothers
7%
_______, she ran away with all my money, and she did it for fun.Natalie | Bruno Mars
4%
Do you suppose, that waiting hands on eyes, ________ has gone to hide?Veronica | Elvis Costello
4%
The strangers in this town, they raise you up just to cut you down.Angela | Lumineers
0%
My name is _________, I'm your social worker.Geraldine | Glasvegas
0%

Score Distribution

Percentile by Number Answered

Percent of People with Each Score

Your Score History

You have not taken this quiz